Estudios sobre el proceso civil
Uloženo v:
| Hlavní autor: | |
|---|---|
| Médium: | Kniha |
| Jazyk: | španělština |
| Vydáno: |
Buenos Aires
Bibliográfica Argentina
1961
|
| Témata: | |
| Tagy: |
Přidat tag
Žádné tagy, Buďte první, kdo vytvoří štítek k tomuto záznamu!
|
MARC
| LEADER | 00000nam a2200000 a 4500 | ||
|---|---|---|---|
| 001 | UCS0951 | ||
| 003 | CL-VaPUC | ||
| 008 | 970506e19610000AG |||||||||||||||||spa|d | ||
| 082 | 0 | 4 | |a 347 |b CAL |2 21 |
| 100 | 0 | |a Calamandrei, Piero |e author |9 384862 | |
| 245 | 1 | 0 | |a Estudios sobre el proceso civil |
| 300 | |a 646 p | ||
| 942 | |c BK | ||
| 945 | |d 19970506 00:00:00 |a cmena | ||
| 260 | |a Buenos Aires |b Bibliográfica Argentina |c 1961 | ||
| 650 | 0 | |a Derecho procesal civil |9 258071 | |
| 650 | 0 | |a Derecho civil |9 255013 | |
| 650 | 0 | |a Jurisprudencia |9 255952 | |
| 650 | 0 | |a Administración de justicia |9 382749 | |
| 650 | 7 | |a SENTENCIA CIVIL |2 CL-VaPUC |9 384864 | |
| 650 | 7 | |a EQUIDAD |2 CL-VaPUC |9 256656 | |
| 650 | 0 | |a Valor jurídico |9 384865 | |
| 650 | 0 | |a Tribunales de justicia |9 328494 | |
| 650 | 7 | |a ERROR DE DERECHO |2 CL-VaPUC |9 383389 | |
| 650 | 0 | |a Proceso civil |9 361912 | |
| 650 | 0 | |a Sentencias |9 256250 | |
| 650 | 7 | |a CONDENA |2 CL-VaPUC |9 383413 | |
| 583 | |a last modification |c 19970506 00:00:00 |k Rodrigo Vera | ||
| 999 | |c 259066 |d 259064 | ||
| 952 | |0 0 |1 0 |4 0 |6 347_000000000000000_CAL_1961 |7 0 |8 A |9 283599 |a BIBDER |b BIBDER |d 2019-11-19 |i 1837834 |o 347 CAL 1961 |p 1837834 |r 2023-01-25 |w 2019-11-19 |y BK |k DER | ||
| 952 | |0 0 |1 0 |4 0 |6 347_000000000000000_CAL_1961 |7 0 |8 A |9 283600 |a BIBDER |b BIBDER |d 2019-11-19 |i 4663616 |o 347 CAL 1961 |p 4663616 |r 2023-01-25 |w 2019-11-19 |y BK |k DER | ||